000 00767nam a22002417a 4500
003 UA-OsUOA
001 31507
007 ta
008 20041222b un ||||| |||| 00| 0 ukr d
100 _aНемировский А. И.
090 _a94(3)
_bН50
942 _cBK
040 _aUA-OsUOA
_brus
_cUA-OsUOA
_dUA-OsUOA
245 _aКнига для чтения по истории Древнего мира
_bПособие для учащихся 5 класса средней школы
300 _a288 с.
_bІлюстрації
955 _a0
041 _arus
080 _a94(3)
260 _aМосква
_bПросвещение
_c1986
044 _aRU
650 7 _a9 Географія. Біографії. Історія
_2UDC
999 _c317934
_d317934